MARC

LEADER 00000nam0a2200000 4500
001 265369
005 20231101233920.0
035 |a (RuTPU)RU\TPU\book\288370 
090 |a 265369 
100 |a 20140626d1986 km y0rusy50 ca 
101 0 |a rus 
102 |a RU 
105 |a a z 001zy 
200 1 |a Учет в условиях интенсификации социалистической экономики  |e пер. с нем.  |f Г. Гайслер [и др.] 
210 |a Москва  |c Финансы и статистика  |d 1986 
215 |a 223 с.  |c ил. 
320 |a Библиогр.: с. 213-215. 
606 1 |a Бухгалтерский учет  |2 stltpush  |3 (RuTPU)RU\TPU\subj\30744  |9 53805 
610 1 |a учет 
610 1 |a учетная политика 
610 1 |a учетная деятельность 
610 1 |a социалистическая экономика 
610 1 |a интенсификация 
610 1 |a организация 
610 1 |a информационные системы 
610 1 |a затраты 
610 1 |a экономическая эффективность 
675 |a 657.22  |v 3 
701 1 |a Гайслер  |b Г. 
701 1 |a Дрехсель  |b Д. 
701 1 |a Эрбштёссер  |b Х. 
701 1 |a Герреде  |b Е. 
701 1 |a Гнаук  |b Ш. 
801 1 |a RU  |b 63413507  |c 20140626 
801 2 |a RU  |b 63413507  |c 20160506  |g RCR 
942 |c BK